Nezamestnanosť mladých ľudí v Slovenskej republike a Európskej únii v kontexte fungovania vzdelávacieho systému diplomová práca

Na minha lista:
Detalhes bibliográficos
Autor principal: Grobárová, Daniela
Autor Corporativo: Národohospodárska fakulta EU. Katedra ekonómie
Outros Autores: Martincová, Marta, 1955-
Formato: Livro
Idioma:eslovaco
Publicado em: Bratislava 2015
Tags: Adicionar Tag
Sem tags, seja o primeiro a adicionar uma tag!

MARC

LEADER 00000nbm a2200000 4500
001 0201092
005 20161212095501.1
041 0 |a slo 
044 |a SK 
245 1 0 |a Nezamestnanosť mladých ľudí v Slovenskej republike a Európskej únii v kontexte fungovania vzdelávacieho systému  |b diplomová práca  |c Daniela Grobárová ; školiteľ: Marta Martincová 
264 1 |a Bratislava  |c 2015 
300 |a 71 s. 
100 1 |a Grobárová, Daniela 
700 1 |a Martincová, Marta, 1955- 
710 2 |a Národohospodárska fakulta EU. Katedra ekonómie